000 00625nam a2200229Ia 4500
001 dia_2725
003 CHAP
005 20221208135355.0
008 220117s1979 xx 000 0 und d
010 _a170701
040 _cCHAP
082 _a664.0282 J3
100 _aJakson, John M.
_9147763
245 _aFundamentals of Food Cannig Technology /
_c J J M y Byron.
260 _aWestport, Connecticut, Avi
_c1979
300 _a405P.
650 _aAlimentos enlatados
_94307
901 _a664.0282 J3
902 _aM
905 _a0000001979 WES 0000000000ING00
942 _cLIBRO
_2ddc
999 _c170701
_d170701